000 00708nam a2200205Ii 4500
003 JO-AjNU
008 230605s9999||||xx |||||||||||||| ||und||
017 _a2002/6/1513
040 _aJO-AjNU
_bara
_erda
_cJO-AjNU
041 _aara
050 1 4 _aPJ7510 12002
100 3 _aتأليف العدل، حسن توفيق ؛ تحقيق وتقديم خالص، وليد محمود,
_eauthor
_921014
245 0 0 _aتاريخ آداب اللغة العربية
264 3 1 _aعمان: دار أسامة، 2002
300 _a256ص
336 _atext
_btxt
_2rdacontent
337 _aunmediated
_bn
_2rdamedia
338 _avolume
_bnc
_2rdacarrier
650 4 _aالأدب العربي - تاريخ ونقد
_921015
999 _aA7229
_c10797
_d10797